书目信息 |
| 题名: |
土壤物理研究法
|
|
| 作者: | 依艳丽 主编 | |
| 分册: | ||
| 出版信息: | 北京 北京大学出版社 2009.08 |
|
| 页数: | 288页 | |
| 开本: | 26cm | |
| 丛书名: | ||
| 单 册: | ||
| 中图分类: | S152 | |
| 科图分类: | ||
| 主题词: | 土壤物理学--研究方法--高等学校--教材 , 土壤物理学 , 研究方法 | |
| 电子资源: | ||
| ISBN: | 978-7-301-15242-3 | |
| 000 | 00862nam0 2200265 450 | |
| 001 | 010010010683 | |
| 005 | 20091208153033.60 | |
| 010 | @a978-7-301-15242-3@dCNY30.00 | |
| 100 | @a20090909d2009 em y0chiy0110 ea | |
| 101 | 0 | @achi |
| 102 | @aCN@b110000 | |
| 105 | @aak z 000yy | |
| 106 | @ar | |
| 200 | 1 | @a土壤物理研究法@9tu rang wu li yan jiu fa@f依艳丽主编 |
| 210 | @a北京@c北京大学出版社@d2009.08 | |
| 215 | @a288页@c图@d26cm | |
| 300 | @a21世纪全国高等院校环境系列实用规划教材 | |
| 330 | @a本书概括介绍了当今国内外有关土壤物理研究现状及相关测定方法。同时,书中部分章节也反映了作者多年从事土壤物理研究的一些成果。 | |
| 606 | 0 | @a土壤物理学@x研究方法@x高等学校@j教材 |
| 606 | 0 | @a土壤物理学 |
| 606 | 0 | @a研究方法 |
| 690 | @aS152@v4 | |
| 701 | 0 | @a依艳丽@9yi yan li@4主编 |
| 801 | 0 | @aCN@bRENTIAN@c20091208 |
| 905 | @b20795859-64@dS152@e70@f6 | |
| 土壤物理研究法/依艳丽主编.-北京:北京大学出版社,2009.08 |
| 288页:图;26cm |
| 21世纪全国高等院校环境系列实用规划教材 |
| ISBN 978-7-301-15242-3:CNY30.00 |
| 本书概括介绍了当今国内外有关土壤物理研究现状及相关测定方法。同时,书中部分章节也反映了作者多年从事土壤物理研究的一些成果。 |
| ● |
| 相关链接 |
|
|
|
|
正题名:土壤物理研究法
索取号:S152/70
 
预约/预借
| 序号 | 登录号 | 条形码 | 馆藏地/架位号 | 状态 | 备注 |
| 1 | 795859 | 207958593 | 第二样本阅览室/ [索取号:S152/70] | 在馆 | |
| 2 | 795860 | 207958600 | 第三借阅区/ [索取号:S152/70] | 在馆 | |
| 3 | 795861 | 207958619 | 第三借阅区/ [索取号:S152/70] | 在馆 | |
| 4 | 795862 | 207958628 | 第三借阅区/ [索取号:S152/70] | 在馆 | |
| 5 | 795863 | 207958637 | 第三借阅区/ [索取号:S152/70] | 在馆 | |
| 6 | 795864 | 207958646 | 第三借阅区/ [索取号:S152/70] | 在馆 |